| 000 | 01108nam a2200253Ia 4500 | ||
|---|---|---|---|
| 003 | OSt | ||
| 005 | 20200715121040.0 | ||
| 008 | 191128s2002 wauad gr 000 0dspa d | ||
| 020 | _a1557759693 | ||
| 040 |
_aCO-JMCR _cCO-JMCR |
||
| 041 | 0 | _aspa | |
| 082 | 0 | 4 |
_a330.9861 / _bC937p _223 |
| 100 | 1 |
_aCroce, Enzo, _eautor _97294 |
|
| 245 | 1 | 0 |
_aProgramación financiera : _bmétodos y aplicación al caso de Colombia / _cEnzo Croce, Mercedes Da Costa, V. Hugo Juan Ramón |
| 260 |
_aWashington : _bInternational Monetary Fund, _c2002. |
||
| 300 |
_aix, 263 páginas : _bilustraciones, gráficos a blanco y negro ; _c28 cm. |
||
| 504 | _aBibliografía: páginas 260-263. | ||
| 505 | 0 | _aSector real -- Sector monetario -- Sector fiscal -- Sector externo -- Relaciones entre las cuentas macroeconómicas -- Proyecciones de mediano plazo y deuda externa -- Programación financiera | |
| 650 | 1 | 4 |
_aFinanzas internacionales _zColombia _97295 |
| 650 | 2 | 4 |
_aPolítica Económica _zColombia _96845 |
| 700 | 1 |
_aDa Costa, Mercedes, _eautor _97296 |
|
| 700 | 1 |
_aRamón, V. Hugo Juan, _eautor _97297 |
|
| 942 |
_2ddc _cBK |
||
| 999 |
_c6301 _d6301 |
||